<?xml version="1.0" encoding="UTF-8"?>
<record
    xmlns:xsi="http://www.w3.org/2001/XMLSchema-instance"
    xsi:schemaLocation="http://www.loc.gov/MARC21/slim http://www.loc.gov/standards/marcxml/schema/MARC21slim.xsd"
    xmlns="http://www.loc.gov/MARC21/slim">

  <leader>02655cjm a22004571a 4500</leader>
  <controlfield tag="001">13776961</controlfield>
  <controlfield tag="005">20240227093613.0</controlfield>
  <controlfield tag="007">sd fsngnnmmned</controlfield>
  <controlfield tag="008">041109s2004    caumpn              eng d</controlfield>
  <datafield tag="010" ind1=" " ind2=" ">
    <subfield code="a">  2004715319</subfield>
  </datafield>
  <datafield tag="024" ind1="1" ind2=" ">
    <subfield code="a">081227843427</subfield>
  </datafield>
  <datafield tag="028" ind1="0" ind2="2">
    <subfield code="a">R2 78434</subfield>
    <subfield code="b">Warner Bros./Rhino</subfield>
  </datafield>
  <datafield tag="028" ind1="0" ind2="2">
    <subfield code="a">R2 78434</subfield>
    <subfield code="b">Warner Bros. Records</subfield>
  </datafield>
  <datafield tag="035" ind1=" " ind2=" ">
    <subfield code="a">(DLC)   2004715319</subfield>
  </datafield>
  <datafield tag="035" ind1=" " ind2=" ">
    <subfield code="a">(OCoLC)ocm56945465 </subfield>
  </datafield>
  <datafield tag="040" ind1=" " ind2=" ">
    <subfield code="a">IUO</subfield>
    <subfield code="c">IUO</subfield>
    <subfield code="d">OCLCQ</subfield>
    <subfield code="d">DLC</subfield>
  </datafield>
  <datafield tag="042" ind1=" " ind2=" ">
    <subfield code="a">lcderive</subfield>
  </datafield>
  <datafield tag="050" ind1="0" ind2="0">
    <subfield code="a">SDB 10598</subfield>
  </datafield>
  <datafield tag="082" ind1="0" ind2="4">
    <subfield code="a">973.931 </subfield>
    <subfield code="b">FAH</subfield>
    <subfield code="2">22</subfield>
  </datafield>
  <datafield tag="245" ind1="0" ind2="0">
    <subfield code="a">Fahrenheit 9/11</subfield>
    <subfield code="h">[videorecording] /</subfield>
    <subfield code="c">Lions Gate Films and IFC Films and the Fellowship Adventure Group present a Dog Eat Dog Films production, a film by Michael Moore ; producers, Jim Czarnecki, Kathleen Glynn ; written, produced and directed by Michael Moore.</subfield>
  </datafield>
  <datafield tag="246" ind1="3" ind2=" ">
    <subfield code="a">Fahrenheit nine/eleven</subfield>
  </datafield>
  <datafield tag="260" ind1=" " ind2=" ">
    <subfield code="a">Culver City, Calif. :   </subfield>
    <subfield code="b">Westside Productions :  Columbia TriStar Home Entertainment [distributor],   2004</subfield>
    <subfield code="c">2004.</subfield>
  </datafield>
  <datafield tag="300" ind1=" " ind2=" ">
    <subfield code="a">1 videodisc  (ca. 122) : </subfield>
    <subfield code="b">sd., col. with b&amp;w sequences ; </subfield>
    <subfield code="c"> 4 3/4 in.</subfield>
  </datafield>
  <datafield tag="500" ind1=" " ind2=" ">
    <subfield code="a">Subtitles English, Arabic &amp; French.</subfield>
  </datafield>
  <datafield tag="511" ind1="0" ind2=" ">
    <subfield code="a">Michael Moore, James Baker, Al Gore, Tom Daschle, George W. Bush, Condoleezza Rice, Byron Dorgan, Craig Unger, Jack Cloonan, James Moore, Dan Briody, Carol Ashley, Thomas H. Kean, Rosemary Dillard, Richard Clarke, Martha Brill Olcott, Jim McDermott, Porter Goss, John Conyers, Tammy Baldwin, Lila Lipscomb.</subfield>
  </datafield>
  <datafield tag="520" ind1=" " ind2=" ">
    <subfield code="a">hrough actual footage, interviews, and declassified documents, Michael Moore illustrates the connections President Bush has to the royal house of Saud of Saudia Arabia and the bin Laden's, how the president got elected on fraudulent circumstances and then proceeded to blunder through his duties while ignoring warnings of the looming betrayal by his foreign partners. When the treachery hits with the 9/11 attacks, Moore explains how Bush failed to take immediate action to defend the nation.</subfield>
  </datafield>
  <datafield tag="538" ind1=" " ind2=" ">
    <subfield code="a">DVD, region 1, widescreen (1.78:1) presentation; Dolby Digital 5.1, mastered in high definition.</subfield>
  </datafield>
  <datafield tag="586" ind1=" " ind2=" ">
    <subfield code="a">Winner- Best Picture Cannes film festival 2004.</subfield>
  </datafield>
  <datafield tag="655" ind1=" " ind2=" ">
    <subfield code="a"> Documentary films.</subfield>
  </datafield>
  <datafield tag="710" ind1=" " ind2=" ">
    <subfield code="9">14111</subfield>
    <subfield code="a">Lion's Gate Films</subfield>
  </datafield>
  <datafield tag="710" ind1=" " ind2=" ">
    <subfield code="9">14112</subfield>
    <subfield code="a">IFC Films</subfield>
  </datafield>
  <datafield tag="710" ind1=" " ind2=" ">
    <subfield code="9">14113</subfield>
    <subfield code="a">Dog Eat Dog Films</subfield>
  </datafield>
  <datafield tag="710" ind1=" " ind2=" ">
    <subfield code="9">14114</subfield>
    <subfield code="a">Westside Productions (Firm)</subfield>
  </datafield>
  <datafield tag="710" ind1=" " ind2=" ">
    <subfield code="9">14115</subfield>
    <subfield code="a">Columbia TriStar Home Entertainment (Firm)</subfield>
  </datafield>
  <datafield tag="730" ind1="0" ind2=" ">
    <subfield code="a">Fahrenheit 9/11 (Motion picture)</subfield>
    <subfield code="9">14117</subfield>
  </datafield>
  <datafield tag="942" ind1=" " ind2=" ">
    <subfield code="2">ddc</subfield>
    <subfield code="c">CDVDMOV</subfield>
    <subfield code="h">RDA-MOD</subfield>
  </datafield>
  <datafield tag="999" ind1=" " ind2=" ">
    <subfield code="c">10318</subfield>
    <subfield code="d">10318</subfield>
  </datafield>
  <datafield tag="336" ind1=" " ind2=" ">
    <subfield code="2">rdacontent</subfield>
    <subfield code="a">text</subfield>
    <subfield code="b">txt</subfield>
  </datafield>
  <datafield tag="337" ind1=" " ind2=" ">
    <subfield code="a">unmediated</subfield>
    <subfield code="2">rdamedia</subfield>
    <subfield code="b">n</subfield>
  </datafield>
  <datafield tag="338" ind1=" " ind2=" ">
    <subfield code="a">volume</subfield>
    <subfield code="b">nc</subfield>
    <subfield code="2">rdacarrier</subfield>
  </datafield>
  <datafield tag="952" ind1=" " ind2=" ">
    <subfield code="0">0</subfield>
    <subfield code="1">0</subfield>
    <subfield code="2">ddc</subfield>
    <subfield code="4">0</subfield>
    <subfield code="7">0</subfield>
    <subfield code="a">MAIN</subfield>
    <subfield code="b">MAIN</subfield>
    <subfield code="c">2ND</subfield>
    <subfield code="d">2008-11-30</subfield>
    <subfield code="e">purchase</subfield>
    <subfield code="l">3</subfield>
    <subfield code="o">973.931  FAH</subfield>
    <subfield code="p">000014288</subfield>
    <subfield code="r">2022-08-24 00:00:00</subfield>
    <subfield code="s">2011-10-04</subfield>
    <subfield code="w">2008-11-30</subfield>
    <subfield code="y">CDVDN</subfield>
  </datafield>
</record>
